| 000 | 00505nam a2200181 a 4500 | ||
|---|---|---|---|
| 005 | 20210219150254.0 | ||
| 008 | 991125s1953 mad 000 0 spa u | ||
| 035 | _aUPN01000010733 | ||
| 049 | _aCG | ||
| 050 | 4 |
_aDP185.9 O6 _bM3.4 1953 |
|
| 100 | 1 | _aMarañón, Gregorio | |
| 245 | 1 | 3 |
_aEl Conde-Duque de Olivares / _cGregorio Marañón. |
| 260 |
_aMadrid : _bEspasa-Calpe, _c1953. |
||
| 300 | _a264 p. | ||
| 440 | 0 |
_aAustral ; _v62 |
|
| 600 | 1 | 4 | _aOLIVARES, GASPAR DE GUZMAN, CONDE-DUQUE |
| 905 | _aLibro | ||
| 999 |
_c10733 _d10733 |
||